Az érzékek szerepe a gyulai esperesi kerület katolikus templomainak kialakításában és liturgikus gyakorlatában

Churches and chapels have been builtin the parishes of the Deanery of Gyula (Diocese of Szeged-Csanád) in the Békés County since the Baroque era. The earliest of these was the baroque Chapel of the Holy Trinity builtin Gyula in 1715. The modem small church of Szabadkígyós, builtin 2000, is a masterp...

Teljes leírás

Elmentve itt :
Bibliográfiai részletek
Szerző: Jároli József
Testületi szerző: Szegedi Vallási Néprajzi Konferencia (8.) (2006) (Szeged)
Dokumentumtípus: Könyv része
Megjelent: 2009
Sorozat:Szegedi vallási néprajzi könyvtár 22
Érzékek és vallás 22
Kulcsszavak:Keresztény művészet - szimbólum, Népi vallásosság, Érzékelés - pszichológia - vallásosság, Vallási kultusz - magyar, Egyháztörténet - katolikus - Magyarország, Gyula
Tárgyszavak:
Online Access:http://acta.bibl.u-szeged.hu/70407
LEADER 02740naa a2200277 i 4500
001 acta70407
005 20220201124151.0
008 200922s2009 hu o 0|| hun d
020 |a 978 963 482 973 7 
022 |a 1419-1288 
040 |a SZTE Egyetemi Kiadványok Repozitórium  |b hun 
041 |a hun 
041 |a eng 
100 1 |a Jároli József 
245 1 3 |a Az érzékek szerepe a gyulai esperesi kerület katolikus templomainak kialakításában és liturgikus gyakorlatában  |h [elektronikus dokumentum] /  |c  Jároli József 
260 |c 2009 
300 |a 43-50 
490 0 |a Szegedi vallási néprajzi könyvtár  |v 22 
490 0 |a Érzékek és vallás  |v 22 
520 3 |a Churches and chapels have been builtin the parishes of the Deanery of Gyula (Diocese of Szeged-Csanád) in the Békés County since the Baroque era. The earliest of these was the baroque Chapel of the Holy Trinity builtin Gyula in 1715. The modem small church of Szabadkígyós, builtin 2000, is a masterpiece of contemporary architecture. The architectural solutions, the division of the inner space, the furniture, altar pieces, statues, bells and the organ all inspire the beholder by their beauty and musical harmony to give praise to God.. Every church builtin the center of a village or city dominatesits surroundings, and is a prominent landmark of the city scape. The altar pieces and statues, often created by renowned artists (Dorffmaister, Békés; and Hubert Maurer, Gyula) represent the title, patron and patroness of the church. Statues of Saint Anthony are always placed within reach in every church, asthe congregation touches these statues frequently (Békéscsaba, Gyula). The monumental seccos of László Patay in Gyula and Békéscsaba (the Jamina district) have an elemental effect on the beholder. The perfectly tuned bells, the valuable organs (Mooser, Rieger, Angster) provides sacred music for the devotions. Colorful stained glass windows and decorative fleuron all service to emphasize the sanctity of the church. Bonfires, mortaring and Greek fire all enhanced the splendor the festivities of the resurrection and Corpus Christi processions (Békés, Gyula, Békéscsaba). 
650 4 |a Bölcsészettudományok 
650 4 |a Filozófia, etika és vallástudományok 
650 4 |a Művészetek (művészetek, művészettörténet, előadóművészetek, zene) 
695 |a Keresztény művészet - szimbólum, Népi vallásosság, Érzékelés - pszichológia - vallásosság, Vallási kultusz - magyar, Egyháztörténet - katolikus - Magyarország, Gyula 
710 |a Szegedi Vallási Néprajzi Konferencia (8.) (2006) (Szeged) 
856 4 0 |u http://acta.bibl.u-szeged.hu/70407/1/szegedi_vallasi_022_043-050.pdf  |z Dokumentum-elérés